[Event "FRA-chT Top 16 GpA"]
[Site "Chartres"]
[Date "2023.06.07"]
[Round "7.3"]
[White "Buscara, Sevan"]
[Black "Sharif, Mershad"]
[Result "1/2-1/2"]
[WhiteElo "2361"]
[BlackElo "2327"]
[PlyCount "30"]
[EventDate "2023.06.01"]
[EventType "team-tourn"]
[EventRounds "7"]
[EventCountry "FRA"]
[SourceTitle "CBM 214 Extra"]
[Source "ChessBase"]
[SourceDate "2023.07.31"]
[SourceVersion "1"]
[SourceVersionDate "2023.07.31"]
[SourceQuality "1"]
[WhiteTeam "Lyon"]
[BlackTeam "Strasbourg"]
[WhiteTeamCountry "FRA"]
[BlackTeamCountry "FRA"]

1. e4 e6 2. d4 d5 3. e5 c5 4. c3 Nc6 5. Nf3 Nge7 6. Bd3 cxd4 7. cxd4 Nf5 8. Bxf5 exf5 9. Nc3 Be6 10. Bg5 Qb6 11. 0-0 h6 12. Na4 Qb5 13. Bd2 Be7 14. Rc1 0-0 15. b3 Ba3 1/2-1/2

[Event "FRA-chT Top 16 GpA"]
[Site "Chartres"]
[Date "2023.06.04"]
[Round "4.4"]
[White "Brunner, Nicolas"]
[Black "Sharif, Mershad"]
[Result "1-0"]
[WhiteElo "2426"]
[BlackElo "2327"]
[PlyCount "59"]
[EventDate "2023.06.01"]
[EventType "team-tourn"]
[EventRounds "7"]
[EventCountry "FRA"]
[SourceTitle "CBM 214 Extra"]
[Source "ChessBase"]
[SourceDate "2023.07.31"]
[SourceVersion "1"]
[SourceVersionDate "2023.07.31"]
[SourceQuality "1"]
[WhiteTeam "Vandoeuvre"]
[BlackTeam "Strasbourg"]
[WhiteTeamCountry "FRA"]
[BlackTeamCountry "FRA"]

1. d4 e6 2. c4 d5 3. Nf3 Nf6 4. Nc3 Bb4 5. Qa4+ Nc6 6. e3 0-0 7. Qc2 Re8 8. Bd2 Bf8 9. a3 e5 10. dxe5 Nxe5 11. cxd5 Nxf3+ 12. gxf3 Nxd5 13. h4 Nxc3 14. Bxc3 Qd5 15. Be2 Be6 16. Rg1 c5 17. Rd1 Qf5 18. Qxf5 Bxf5 19. Rd5 Bb1 20. Rd7 Ba2 21. Rxb7 Red8 22. e4 Be6 23. h5 h6 24. f4 Rd7 25. Rxd7 Bxd7 26. f5 Kh7 27. f6 g6 28. Bc4 gxh5 29. Bxf7 Be8 30. Bg8+ 1-0

[Event "WchT Seniors 65"]
[Site "Rhodes"]
[Date "2019.04.21"]
[Round "6.5"]
[White "Sharif, Mershad"]
[Black "Hammar, Bengt Erik"]
[Result "1-0"]
[WhiteElo "2331"]
[BlackElo "2206"]
[PlyCount "87"]
[EventDate "2019.04.16"]
[EventType "team-swiss"]
[EventRounds "9"]
[EventCountry "GRE"]
[SourceTitle "CBM 190 Extra"]
[Source "ChessBase"]
[SourceDate "2019.07.15"]
[SourceVersion "1"]
[SourceVersionDate "2019.07.15"]
[SourceQuality "1"]
[WhiteTeam "France"]
[BlackTeam "Sweden"]
[WhiteTeamCountry "FRA"]
[BlackTeamCountry "SWE"]

1. Nf3 Nf6 2. g3 g6 3. b3 Bg7 4. Bb2 0-0 5. Bg2 c5 6. c4 Nc6 7. 0-0 d5 8. cxd5 Nxd5 9. Bxg7 Kxg7 10. d4 cxd4 11. Nxd4 Ndb4 12. Nxc6 Nxc6 13. Bxc6 bxc6 14. Qxd8 Rxd8 15. Nc3 Ba6 16. Rfd1 c5 17. Kf1 Rd6 18. Ke1 Rb8 19. Rxd6 exd6 20. Rd1 Rd8 21. Ne4 Re8 22. Rxd6 Bxe2 23. Kxe2 Rxe4+ 24. Kd3 Re7 25. Rd5 Kf6 26. Rxc5 Ke6 27. b4 Kd6 28. a3 h5 29. h4 Re1 30. Ra5 Re7 31. f3 Kc6 32. g4 hxg4 33. fxg4 Kb6 34. h5 gxh5 35. gxh5 Re1 36. Rf5 Rh1 37. Kc4 Rh3 38. Rf6+ Kb7 39. Rxf7+ Kb6 40. Rf6+ Kb7 41. h6 Rxa3 42. Kc5 Rh3 43. Rf7+ Kb8 44. h7 1-0

[Event "WchT Seniors 65"]
[Site "Rhodes"]
[Date "2019.04.20"]
[Round "5.6"]
[White "Hvenekilde, Jorgen"]
[Black "Sharif, Mershad"]
[Result "0-1"]
[WhiteElo "2046"]
[BlackElo "2331"]
[PlyCount "78"]
[EventDate "2019.04.16"]
[EventType "team-swiss"]
[EventRounds "9"]
[EventCountry "GRE"]
[SourceTitle "CBM 190 Extra"]
[Source "ChessBase"]
[SourceDate "2019.07.15"]
[SourceVersion "1"]
[SourceVersionDate "2019.07.15"]
[SourceQuality "1"]
[WhiteTeam "Norresundby"]
[BlackTeam "France"]
[WhiteTeamCountry "DEN"]
[BlackTeamCountry "FRA"]

1. d4 d5 2. Nf3 Nf6 3. Bf4 c5 4. e3 Nc6 5. c3 Qb6 6. Qb3 c4 7. Qxb6 axb6 8. Nfd2 Bf5 9. f3 e6 10. e4 Bg6 11. Bg5 Be7 12. Bxf6 Bxf6 13. Na3 0-0 14. Nc2 b5 15. a3 e5 16. Ne3 dxe4 17. d5 Na5 18. Nxe4 Bxe4 19. fxe4 Nb3 20. Rd1 Nc5 21. Be2 Nxe4 22. 0-0 Be7 23. Bf3 Nd6 24. g4 g6 25. Bg2 Bg5 26. Rfe1 Rae8 27. Ra1 Bxe3+ 28. Rxe3 f5 29. gxf5 gxf5 30. a4 bxa4 31. Rxa4 e4 32. Bh3 Re5 33. Ra5 Kg7 34. Rc5 Rc8 35. Rxc8 Nxc8 36. Bf1 Nd6 37. Rg3+ Kf6 38. Rh3 Rxd5 39. Rxh7 Rd2 0-1

[Event "WchT Seniors 65"]
[Site "Dresden"]
[Date "2018.07.12"]
[Round "6.2"]
[White "Baum, Bernd"]
[Black "Sharif, Mershad"]
[Result "0-1"]
[WhiteElo "2280"]
[BlackElo "2353"]
[PlyCount "98"]
[EventDate "2018.07.07"]
[EventType "team-swiss"]
[EventRounds "9"]
[EventCountry "GER"]
[SourceTitle "CBM 185 Extra"]
[Source "ChessBase"]
[SourceDate "2018.07.29"]
[SourceVersion "1"]
[SourceVersionDate "2018.07.29"]
[SourceQuality "1"]
[WhiteTeam "Germany III"]
[BlackTeam "France"]
[WhiteTeamCountry "GER"]
[BlackTeamCountry "FRA"]

1. Nf3 d5 2. g3 Bg4 3. Bg2 c6 4. b3 Nd7 5. Bb2 e6 6. c4 Ngf6 7. 0-0 Bd6 8. d3 0-0 9. Nbd2 Qe7 10. Qc2 h6 11. Rac1 a5 12. e4 dxe4 13. dxe4 e5 14. h3 Bxf3 15. Nxf3 Ba3 16. Bxa3 Qxa3 17. Rcd1 Rfe8 18. Nd2 a4 19. Rb1 axb3 20. axb3 Qb4 21. f3 Nc5 22. Rf2 Rad8 23. Bf1 Rd4 24. Rb2 Red8 25. Nb1 Nh7 26. Nc3 Ng5 27. Kg2 Na6 28. Na2 Qe7 29. b4 Qe6 30. Kh2 Rd2 31. Qxd2 Rxd2 32. Rbxd2 Qf6 33. Bg2 h5 34. h4 Ne6 35. Rd7 g5 36. hxg5 Nxg5 37. Rxb7 h4 38. gxh4 Nxe4 39. Re2 Qf4+ 40. Kg1 Ng3 41. Rc2 Qd4+ 42. Kh2 Qxh4+ 43. Kg1 Qd4+ 44. Kh2 Qf4 45. Kg1 Qe3+ 46. Rf2 Ne2+ 47. Kf1 Nf4 48. Rd7 Nxb4 49. Rd1 Qb3 0-1

[Event "WchT Seniors 65"]
[Site "Dresden"]
[Date "2018.07.09"]
[Round "3.2"]
[White "Nehmert, Ulrich"]
[Black "Sharif, Mershad"]
[Result "0-1"]
[WhiteElo "2220"]
[BlackElo "2353"]
[PlyCount "68"]
[EventDate "2018.07.07"]
[EventType "team-swiss"]
[EventRounds "9"]
[EventCountry "GER"]
[SourceTitle "CBM 185 Extra"]
[Source "ChessBase"]
[SourceDate "2018.07.29"]
[SourceVersion "1"]
[SourceVersionDate "2018.07.29"]
[SourceQuality "1"]
[WhiteTeam "Hessische Musketiere"]
[BlackTeam "France"]
[WhiteTeamCountry "GER"]
[BlackTeamCountry "FRA"]

1. d4 d5 2. Nf3 Nf6 3. Bf4 c5 4. e3 Nc6 5. c3 Qb6 6. Qb3 c4 7. Qc2 Bf5 8. Qc1 e6 9. h3 Be7 10. Nbd2 0-0 11. g4 Bg6 12. Be2 Rfc8 13. Kf1 Qd8 14. Kg2 b5 15. a3 a5 16. Ne5 Nxe5 17. Bxe5 b4 18. h4 bxa3 19. bxa3 Bd3 20. Qf1 Nxg4 21. Bxd3 cxd3 22. Qxd3 Nxe5 23. dxe5 Qc7 24. Nf3 Qxc3 25. Qxc3 Rxc3 26. a4 Rc4 27. h5 Rb8 28. Nd4 h6 29. Rhc1 Rbc8 30. Rxc4 Rxc4 31. Kf3 Bc5 32. Nb5 Bb4 33. Rb1 Re4 34. Nd6 Rxe5 0-1

[Event "FRA-chT Top 12"]
[Site "Chartres"]
[Date "2017.05.19"]
[Round "2.8"]
[White "Sharif, Mershad"]
[Black "Maisuradze, Nino"]
[Result "1/2-1/2"]
[WhiteElo "2363"]
[BlackElo "2260"]
[PlyCount "35"]
[EventDate "2017.05.18"]
[EventType "team-tourn"]
[EventRounds "11"]
[EventCountry "FRA"]
[SourceTitle "CBM 178 Extra"]
[Source "ChessBase"]
[SourceDate "2017.06.22"]
[SourceVersion "1"]
[SourceVersionDate "2017.06.22"]
[SourceQuality "1"]
[WhiteTeam "Strasbourg"]
[BlackTeam "Bischwiller"]
[WhiteTeamCountry "FRA"]
[BlackTeamCountry "FRA"]

1. Nf3 d5 2. g3 Nf6 3. Bg2 c6 4. 0-0 Bg4 5. c4 e6 6. d3 Nbd7 7. cxd5 cxd5 8. Qb3 Qb6 9. Qxb6 Nxb6 10. Nc3 Rc8 11. Bf4 a6 12. Rac1 Bc5 13. Rc2 0-0 14. Rfc1 Nfd7 15. Ne5 Nxe5 16. Bxe5 f6 17. Bf4 Bd4 18. Bd6 1/2-1/2

[Event "Sharjah op rapid"]
[Site "Sharjah"]
[Date "2016.06.12"]
[Round "5"]
[White "Adly, Ahmed"]
[Black "Sharif, Mershad"]
[Result "1-0"]
[WhiteElo "2607"]
[BlackElo "2425"]
[PlyCount "85"]
[EventDate "2016.06.12"]
[EventType "swiss (rapid)"]
[EventRounds "9"]
[EventCountry "UAE"]
[SourceTitle "CBM 173 Extra"]
[Source "ChessBase"]
[SourceDate "2016.08.29"]
[SourceVersion "1"]
[SourceVersionDate "2016.08.29"]
[SourceQuality "1"]

1. Nf3 d5 2. g3 Bg4 3. Bg2 c6 4. 0-0 Nd7 5. c4 e6 6. b3 Bd6 7. Bb2 Ngf6 8. d3 0-0 9. Nbd2 Re8 10. Qc2 e5 11. e4 dxe4 12. dxe4 a5 13. h3 Bh5 14. Nh4 Bf8 15. Nf5 Nc5 16. g4 Bg6 17. Rad1 Qb6 18. Bc3 Rad8 19. Kh2 Qc7 20. Kh1 Ne6 21. Nf3 Nd7 22. h4 f6 23. g5 Nf4 24. gxf6 gxf6 25. Bd2 Nxg2 26. Rg1 Nf4 27. Bxf4 exf4 28. h5 Kf7 29. hxg6+ hxg6 30. e5 Nxe5 31. Nxe5+ Qxe5 32. Nh6+ Bxh6 33. Qxg6+ Ke7 34. Qh7+ Ke6 35. Rde1 Rh8 36. Rxe5+ Kxe5 37. Re1+ Kd4 38. Qf5 Rdg8 39. Rd1+ Kc3 40. Qxa5+ Kb2 41. Rd2+ Kb1 42. Qf5+ Ka1 43. Qxf6+ 1-0

[Event "FRA-chT Top 12"]
[Site "Drancy"]
[Date "2016.06.01"]
[Round "5.7"]
[White "Sharif, Mershad"]
[Black "Touzane, Olivier"]
[Result "1/2-1/2"]
[WhiteElo "2425"]
[BlackElo "2308"]
[PlyCount "75"]
[EventDate "2016.05.28"]
[EventType "team-tourn"]
[EventRounds "11"]
[EventCountry "FRA"]
[SourceTitle "CBM 172 Extra"]
[Source "ChessBase"]
[SourceDate "2016.06.21"]
[SourceVersion "1"]
[SourceVersionDate "2016.06.21"]
[SourceQuality "1"]
[WhiteTeam "Strasbourg"]
[BlackTeam "Montpellier"]
[WhiteTeamCountry "FRA"]
[BlackTeamCountry "FRA"]

1. Nf3 d5 2. d4 e6 3. Bf4 f5 4. e3 Nf6 5. c4 c6 6. Nc3 Be7 7. Ne5 0-0 8. Bd3 Nfd7 9. 0-0 Nxe5 10. Bxe5 Nd7 11. Bg3 Bh4 12. Bxh4 Qxh4 13. Qd2 b6 14. b4 Qe7 15. cxd5 cxd5 16. Ne2 Nf6 17. Qb2 Bd7 18. Rfc1 Ne8 19. b5 Nd6 20. Qb4 Rfc8 21. a4 Kf8 22. h4 Nb7 23. Qxe7+ Kxe7 24. Kh2 Na5 25. Rab1 g6 26. Ng1 Rxc1 27. Rxc1 Rc8 28. Rxc8 Bxc8 29. Nf3 Bd7 30. Ne5 Be8 31. f3 h6 32. g4 Kf6 33. Kg3 g5 34. hxg5+ hxg5 35. f4 gxf4+ 36. Kxf4 fxg4 37. Nxg4+ Ke7 38. Kg5 1/2-1/2

[Event "FRA-chT Top 12"]
[Site "Drancy"]
[Date "2016.05.29"]
[Round "2.5"]
[White "Sharif, Mershad"]
[Black "Tregubov, Pavel V"]
[Result "1/2-1/2"]
[WhiteElo "2425"]
[BlackElo "2593"]
[PlyCount "116"]
[EventDate "2016.05.28"]
[EventType "team-tourn"]
[EventRounds "11"]
[EventCountry "FRA"]
[SourceTitle "CBM 172 Extra"]
[Source "ChessBase"]
[SourceDate "2016.06.21"]
[SourceVersion "1"]
[SourceVersionDate "2016.06.21"]
[SourceQuality "1"]
[WhiteTeam "Strasbourg"]
[BlackTeam "Clichy Echecs 92"]
[WhiteTeamCountry "FRA"]
[BlackTeamCountry "FRA"]

1. e4 c5 2. Nf3 e6 3. c3 d5 4. exd5 exd5 5. d4 Nc6 6. Bb5 Bd6 7. 0-0 Nge7 8. dxc5 Bxc5 9. Nbd2 0-0 10. Nb3 Bd6 11. Bg5 Bg4 12. Bh4 Qb6 13. Bd3 h6 14. Bg3 Bxg3 15. hxg3 a5 16. Qc2 Bxf3 17. gxf3 a4 18. Nd2 Ne5 19. f4 Nxd3 20. Qxd3 Nc6 21. Nf3 Rfd8 22. Rab1 d4 23. Rfd1 dxc3 24. Qxc3 Rac8 25. Rxd8+ Rxd8 26. Re1 Qb5 27. a3 f6 28. Qc2 Qd3 29. Qxd3 Rxd3 30. Kg2 Kf7 31. Re3 Rxe3 32. fxe3 Na5 33. Nd2 Ke6 34. e4 Kd6 35. Kf3 Kc5 36. Kg4 Kd4 37. Kf5 Ke3 38. Nb1 Nc6 39. Nc3 Kf3 40. e5 fxe5 41. fxe5 Kxg3 42. Nxa4 h5 43. Nc5 h4 44. Ne4+ Kg2 45. Ng5 h3 46. Nxh3 Kxh3 47. Kg6 Kg4 48. e6 Kf4 49. Kxg7 Ke5 50. Kf7 Nd8+ 51. Ke7 Nxe6 52. Kd7 Kd5 53. a4 Nc5+ 54. Kc7 Kc4 55. Kb6 Kb4 56. b3 Kxb3 57. Kxc5 Kxa4 58. Kb6 Kb4 1/2-1/2

[Event "FRA-chT Top 12"]
[Site "Drancy"]
[Date "2016.05.28"]
[Round "1.6"]
[White "Ider, Borya"]
[Black "Sharif, Mershad"]
[Result "1-0"]
[WhiteElo "2430"]
[BlackElo "2425"]
[PlyCount "105"]
[EventDate "2016.05.28"]
[EventType "team-tourn"]
[EventRounds "11"]
[EventCountry "FRA"]
[SourceTitle "CBM 172 Extra"]
[Source "ChessBase"]
[SourceDate "2016.06.21"]
[SourceVersion "1"]
[SourceVersionDate "2016.06.21"]
[SourceQuality "1"]
[WhiteTeam "Mulhouse Philidor"]
[BlackTeam "Strasbourg"]
[WhiteTeamCountry "FRA"]
[BlackTeamCountry "FRA"]

1. d4 d5 2. Nf3 Nf6 3. g3 c5 4. Bg2 cxd4 5. 0-0 h6 6. b3 e6 7. Bb2 Nc6 8. Nxd4 Bd7 9. c4 dxc4 10. Nxc6 Bxc6 11. Bxc6+ bxc6 12. Qc2 Qd5 13. bxc4 Qa5 14. Nd2 Be7 15. Bc3 Qa6 16. Bxf6 Bxf6 17. Rad1 0-0 18. Ne4 Rfd8 19. Nxf6+ gxf6 20. c5 Qa3 21. Qc4 Rd5 22. Rxd5 cxd5 23. Qc2 Rc8 24. c6 Qd6 25. Rc1 Rc7 26. Qa4 d4 27. Qb5 Kg7 28. Kg2 e5 29. Rc4 Kg6 30. h4 Kg7 31. Rc5 Qe6 32. Qa4 Qd6 33. Qc4 Kg6 34. Kf1 Qe6 35. Qc2+ Qf5 36. h5+ Kg5 37. Qd2+ Kxh5 38. Qxd4 Qh3+ 39. Kg1 Qe6 40. Qe4 Rc8 41. c7 Qg4 42. Qb7 Qd7 43. Qf3+ Kg6 44. Qb7 a5 45. a4 Kg7 46. Rc4 Qd1+ 47. Kg2 Qd7 48. Qc6 Qe6 49. Qb5 Ra8 50. Rc1 Qc8 51. Qd5 Qe8 52. Kg1 Qc8 53. Qxa8 1-0

[Event "Sharjah op blitz"]
[Site "Sharjah"]
[Date "2014.07.09"]
[Round "1"]
[White "Sharif, Mershad"]
[Black "Rashid, Shaeri"]
[Result "1-0"]
[WhiteElo "2405"]
[BlackElo "1379"]
[PlyCount "65"]
[EventDate "2014.07.09"]
[EventType "swiss (blitz)"]
[EventRounds "9"]
[EventCountry "UAE"]
[SourceTitle "EXT 2016"]
[Source "ChessBase"]
[SourceDate "2015.10.08"]
[SourceVersion "1"]
[SourceVersionDate "2015.10.08"]
[SourceQuality "1"]

1. d4 Nf6 2. c4 e6 3. Nf3 Bb4+ 4. Bd2 Qe7 5. g3 0-0 6. Nc3 Bxc3 7. Bxc3 Ne4 8. Rc1 f5 9. Bg2 b6 10. 0-0 Bb7 11. Qc2 d5 12. cxd5 exd5 13. e3 Nd7 14. b4 Rac8 15. Qb2 Ndf6 16. b5 Rfd8 17. Bb4 Qe8 18. a4 a5 19. Ba3 Kh8 20. Ne5 Nd7 21. Nc6 Bxc6 22. Rxc6 Ndf6 23. Rfc1 Rd7 24. Qc2 Qd8 25. Rxb6 Qe7 26. Bxe7 Rxe7 27. Rc6 Ng4 28. b6 Ngxf2 29. b7 Rb8 30. Rxc7 Rxc7 31. Qxc7 Nf6 32. Qxb8+ Ng8 33. Rc8 1-0

[Event "Cappelle op 30th"]
[Site "Cappelle la Grande"]
[Date "2014.03.03"]
[Round "4"]
[White "Safranska, Anda"]
[Black "Sharif, Mershad"]
[Result "1/2-1/2"]
[WhiteElo "2282"]
[BlackElo "2444"]
[PlyCount "40"]
[EventDate "2014.03.01"]
[EventType "swiss"]
[EventRounds "9"]
[EventCountry "FRA"]
[SourceTitle "CBM 159 Extra"]
[Source "ChessBase"]
[SourceDate "2014.04.24"]
[SourceVersion "1"]
[SourceVersionDate "2014.04.24"]
[SourceQuality "1"]

1. Nf3 Nf6 2. g3 b6 3. Bg2 Bb7 4. 0-0 g6 5. d3 Bg7 6. e4 0-0 7. Re1 c5 8. Nbd2 Nc6 9. c3 Qc7 10. a3 d6 11. Nf1 e5 12. b4 b5 13. Qb3 cxb4 14. axb4 a6 15. Bg5 h6 16. Bd2 Ne7 17. Rec1 Rac8 18. Bh3 Rb8 19. Bg2 Qd7 20. h3 Rfc8 1/2-1/2

[Event "Cappelle op 29th"]
[Site "Cappelle la Grande"]
[Date "2013.02.26"]
[Round "5"]
[White "Stojanovic, Andjelija"]
[Black "Sharif, Mershad"]
[Result "0-1"]
[WhiteElo "2258"]
[BlackElo "2444"]
[PlyCount "128"]
[EventDate "2013.02.23"]
[EventType "swiss"]
[EventRounds "9"]
[EventCountry "FRA"]
[SourceTitle "CBM 153 Extra"]
[Source "ChessBase"]
[SourceDate "2013.04.22"]
[SourceVersion "1"]
[SourceVersionDate "2013.04.22"]
[SourceQuality "1"]

1. Nf3 b6 2. e4 Bb7 3. Nc3 Nf6 4. e5 Nd5 5. Nxd5 Bxd5 6. d4 e6 7. Be2 c5 8. c4 Bxf3 9. Bxf3 Nc6 10. d5 Nxe5 11. dxe6 Nxf3+ 12. Qxf3 fxe6 13. Bg5 Be7 14. Bxe7 Kxe7 15. Rd1 Qc7 16. 0-0 Raf8 17. Qg4 Rf7 18. Qg5+ Ke8 19. Rfe1 Rhf8 20. f3 Re7 21. Re4 Rf5 22. Qh4 g6 23. Qe1 Kf7 24. Rd5 d6 25. Rxf5+ exf5 26. Rxe7+ Qxe7 27. Qd2 Qe5 28. Kf1 Qxh2 29. Qd5+ Kf6 30. Qg8 Qh1+ 31. Kf2 Qh4+ 32. Kf1 Ke7 33. b3 Qh6 34. Kg1 g5 35. Qc8 Qe6 36. Qb7+ Qd7 37. Qd5 Kf6 38. Qg8 Qf7 39. Qd8+ Qe7 40. Qh8+ Kg6 41. Qg8+ Qg7 42. Qe6+ Qf6 43. Qg8+ Kh6 44. Kh2 Qe7 45. Kh3 Qg7 46. Qd8 Qe5 47. Qf8+ Kg6 48. Qg8+ Qg7 49. Qe6+ Qf6 50. Qg8+ Kh6 51. Kh2 g4 52. f4 Qh4+ 53. Kg1 Qf6 54. Kh2 Qe7 55. Kg1 Kh5 56. Kh2 Kh4 57. a3 h6 58. b4 cxb4 59. axb4 a5 60. bxa5 bxa5 61. c5 dxc5 62. g3+ Kh5 63. Qc4 Kg6 64. Qg8+ Kh5 0-1

[Event "Wch Seniors 22nd"]
[Site "Kamena Vourla"]
[Date "2012.11.23"]
[Round "10"]
[White "Sharif, Mershad"]
[Black "Skalkotas, Nikolaos"]
[Result "1/2-1/2"]
[WhiteElo "2462"]
[BlackElo "2177"]
[PlyCount "23"]
[EventDate "2012.11.13"]
[EventType "swiss"]
[EventRounds "11"]
[EventCountry "GRE"]
[SourceTitle "CBM 151 Extra"]
[Source "ChessBase"]
[SourceDate "2012.12.18"]
[SourceVersion "1"]
[SourceVersionDate "2012.12.18"]
[SourceQuality "1"]

1. d4 g6 2. c4 Bg7 3. Nc3 d6 4. e4 Nd7 5. Nf3 e5 6. g3 Ngf6 7. Bg2 0-0 8. 0-0 c6 9. h3 Qb6 10. d5 cxd5 11. cxd5 Nc5 12. Qe2 1/2-1/2

[Event "Wch Seniors 22nd"]
[Site "Kamena Vourla"]
[Date "2012.11.21"]
[Round "8"]
[White "Vaisser, Anatoli"]
[Black "Sharif, Mershad"]
[Result "1-0"]
[WhiteElo "2540"]
[BlackElo "2462"]
[PlyCount "89"]
[EventDate "2012.11.13"]
[EventType "swiss"]
[EventRounds "11"]
[EventCountry "GRE"]
[SourceTitle "CBM 151 Extra"]
[Source "ChessBase"]
[SourceDate "2012.12.18"]
[SourceVersion "1"]
[SourceVersionDate "2012.12.18"]
[SourceQuality "1"]

1. d4 Nf6 2. c4 e6 3. Nc3 Bb4 4. e3 c5 5. Bd3 Nc6 6. Nge2 d5 7. cxd5 exd5 8. a3 cxd4 9. axb4 dxc3 10. bxc3 0-0 11. 0-0 Ne5 12. Bc2 Qc7 13. f3 Bd7 14. Rf2 Rfd8 15. Qd4 a6 16. g4 Rac8 17. g5 Ne8 18. Bd2 Nc4 19. Nf4 Bc6 20. h4 Qe5 21. Bb3 Ned6 22. Qxe5 Nxe5 23. Nxd5 Bxd5 24. Bxd5 Ndc4 25. Bxc4 Rxd2 26. Rxd2 Nxf3+ 27. Kf2 Nxd2 28. Bd5 Rxc3 29. Bxb7 g6 30. Rxa6 Rb3 31. Bd5 Rxb4 32. Ra8+ Kg7 33. Ra7 Ne4+ 34. Kf3 Nd6 35. Rd7 Rb6 36. Kf4 Kf8 37. Ke5 Nf5 38. Rxf7+ Ke8 39. e4 Nxh4 40. Rxh7 Nf3+ 41. Kf4 Nd4 42. Rf7 Rb1 43. Ke5 Nc6+ 44. Kd6 Rb6 45. Rb7 1-0